Sports Quiz

Random Sports or State Quiz

NHL States Minefield Quiz Stats

 Plays Quiz Updated Feb 21, 2018

Challenge
Share
Tweet
Embed
Score 0/24 Timer 03:00
9 Plays Today
# of Teams State % Correct
3???
91.5%
3???
90.9%
2???
85.7%
1???
80%
2???
76.5%
1???
73.3%
1???
72.7%
1???
71.8%
1???
70.7%
1???
70.3%
1???
69.6%
1???
67.8%
# of Teams State % Correct
1???
66.1%
2???
65.9%
1???
63.1%
1???
62.5%
1???
61.1%
1???
57.9%
2???
57.3%
-???
56.6%
1???
56.4%
1???
55.5%
1???
52.3%
1???
45.2%

You're not logged in!

Compare scores with friends on all Sporcle quizzes.
OR
Log In

You Might Also Like...

Show Comments

Extras

Top Quizzes Today


Score Distribution

Your Account Isn't Verified!

In order to create a playlist on Sporcle, you need to verify the email address you used during registration. Go to your Sporcle Settings to finish the process.

Report this User

Report this user for behavior that violates our Community Guidelines.

Details: